Siatkarskie kluby - Nagła śmierć w 30s - Statystyki

Ogólne statystyki
  • Ten quiz został rozwiązany 216 razy
  • Średni wynik to 9 z 16
Answers on the Grid
Answers color-coded by a green-red scale on the quiz's grid according to % correct below.
Skra Bełchatów
Real Madryt
Volley Modena
Sir Safety Volley Perugia
KPS Siedlce
Jastrzębski Węgiel
Stal Rzeszów
Korona Kielce
Los Angeles Clippers
ACH Ljublana
Aluron cmc Warta Zawiercie
Utah Jazz
Norwid Częstochowa
Liga Narodów
Valencia
Milano
Grotazzolina
Wieczysta Kraków
Le Havre
Tours Vb
Victoria Sulejówek
Halkbank Ankara
Juventus Turyn
Asseco Resovia Rzeszów
Piacenza
Trefl Sopot
Anwil Włocławek
Inter Miami
Ziraat Bankasi
Trefl Gdańsk
 
Statystyki odpowiedzi
Odpowiedź % Poprawnych
Skra Bełchatów
96%
Jastrzębski Węgiel
90%
Aluron cmc Warta Zawiercie
78%
Sir Safety Volley Perugia
78%
Volley Modena
73%
Asseco Resovia Rzeszów
70%
Norwid Częstochowa
66%
Halkbank Ankara
60%
Trefl Gdańsk
58%
ACH Ljublana
53%
Ziraat Bankasi
52%
Piacenza
46%
Tours Vb
45%
KPS Siedlce
33%
Milano
32%
Grotazzolina
20%
Nie znaleziono quizów pasujących do podanych kryteriów
Rozkład punktacji
Procent ludzi z każdym wynikiem
Percentyl według liczby udzielonych odpowiedzi
Twoja historia wyników
Nie rozwiązałeś tego quizu